| 000 | 00897nam a2200265Ia 4500 | ||
|---|---|---|---|
| 003 | OSt | ||
| 005 | 20220927110623.0 | ||
| 006 | a|||||r|||| 00| 0 | ||
| 007 | ta | ||
| 008 | 220926b |||||||| |||| 00| 0 eng d | ||
| 024 | _a102877 | ||
| 037 | _cReports | ||
| 040 |
_aRTL _cRTL _beng |
||
| 041 |
_2eng _aeng |
||
| 082 | _a"Y65.252.N46t, H8/GD" | ||
| 110 |
_a"UNITED PROVINCES, CRIMINAL TRIBES( Enquiry Committee) 1946 CHAIR: VENKATESH NARAIN TIWARI" _9379429 |
||
| 245 | 0 | _aReport | |
| 260 |
_aAllahabad _b"Superintendent, Printing and Stationary India " _c1948 |
||
| 300 |
_a130p. _ccm. |
||
| 500 | _aAppendix: P 28-130 | ||
| 650 |
_aCriminal Sociology _9379430 |
||
| 700 |
_a"UNITED PROVINCES, CRIMINAL TRIBES( Enquiry Committee) 1946 CHAIR: VENKATESH NARAIN TIWARI" _9379431 |
||
| 942 |
_h"Y65.252.N46t, H8/GD" _cCC |
||
| 999 |
_c697423 _d697423 |
||